Nova Scotia, New Caledonia or Scotland? - Statistics

General Stats
  • This quiz has been taken 85 times
  • The average score is 8 of 15
Answer Stats
Question Answer % Correct
Had the world's first fire brigade Scotland
85%
Has the highest tide in the world Nova Scotia
80%
Home of Dalhousie University Nova Scotia
80%
Includes the Loyalty Islands New Caledonia
70%
Highest proportion of golf holes per capita in the world Scotland
65%
Home to the world's largest species of tree fern New Caledonia
60%
Has a county named Colchester Nova Scotia
60%
The world's largest exporter of gypsum Nova Scotia
55%
The best-selling beverage is Irn-Bru Scotland
55%
Has 25% of the world's nickel reserves New Caledonia
50%
Highest mountain New Caledonia
35%
The currency is pegged to the Euro New Caledonia
30%
Highest recorded temperature (38.3 °C / 101 °F) Nova Scotia
30%
Largest Scotland
30%
Has over 700 islands Scotland
25%
No matching quizzes found
Score Distribution
Percent of People with Each Score
Percentile by Number Answered
Your Score History
You have not taken this quiz